Opyt eksperimental'nogo izučenija zakonomernostej vysšej nervnoj dejatel'nosti /
Uložené v:
| Médium: | Kniha |
|---|---|
| Jazyk: | Russian |
| Vydané: |
Moskva :
Akademija nauk SSSR,
1962.
|
| Vydanie: | 1. izd. |
| Edícia: | Trudy Instituta vysšej nervnoj dejatel'nosti
Tom 7 |
| ISBN: |
(viaz.) |
| Fyzický popis: |
318 s. : il., tb. |
| Tagy: |
Pridať tag
Žiadne tagy, Buďte prvý kto otaguje tento záznam!
|
Titul je dostupný aj v ... 

MARC
| LEADER | 00000nam a22000001 4500 | ||
|---|---|---|---|
| 001 | 000138708 | ||
| 005 | 20100920071321.0 | ||
| 008 | 030508s1962 ru rus d | ||
| 020 | |a (viaz.) |c Kčs 19,50 | ||
| 040 | |a SVKKK |b slo |c SVKKK |e AACR2 | ||
| 041 | 0 | |a rus | |
| 044 | |a ru |c RU | ||
| 245 | 0 | 0 | |a Opyt eksperimental'nogo izučenija zakonomernostej vysšej nervnoj dejatel'nosti / |c red. E. A. Asratjan. |
| 250 | |a 1. izd. | ||
| 260 | |a Moskva : |b Akademija nauk SSSR, |c 1962. | ||
| 300 | |a 318 s. : |b il., tb. | ||
| 490 | 1 | |a Trudy Instituta vysšej nervnoj dejatel'nosti ; seria fiziologičeskaja |v Tom 7 | |
| 830 | 0 | |a Trudy Instituta vysšej nervnoj dejatel'nosti |v Tom 7 | |
| 910 | |a svkkk | ||
| 998 | |a BK | ||
| 090 | |g SCKHL |k Sklad Pribinova 1. posch. |a IV.29309 |j 316924 |i 138708-10 |s Absenčne | ||